00306nam a2200145Ia 4500003000400000005001700004008004100021040000700062041000800069082001500077100002000092245001500112260002400127300000900151OSt20260307103824.0250729s1900 xx 000 0 und d cAL akan a000.1 GLAG asmt Gladis Rego aJalli vath aNewdelhibMangalore a168p